Maisie Peters - History Of Man - Statistics

General Stats
  • This quiz has been taken 249 times
  • The average score is 276 of 338
Answer Stats
Answer % Correct
A
97%
a
97%
he
97%
He
97%
I
97%
the
96%
The
96%
men
95%
of
95%
Hear
94%
you
94%
You
94%
you?
94%
you,
94%
and
92%
history,
92%
history
92%
in
92%
In
92%
it
92%
it,
92%
man
92%
me
92%
me,
92%
to
92%
ever
90%
It’s
89%
did
86%
Did
86%
my
86%
are
85%
want
85%
as
84%
As
84%
but
84%
But
84%
hates
84%
hold
84%
poems
84%
start
84%
Troy
84%
wars
84%
So
83%
still
83%
then
83%
try
83%
Helen
82%
him,
82%
him
82%
honey
82%
lyrics,
82%
old
82%
taste
82%
venom
82%
like
81%
Tale
81%
was
81%
can’t
80%
great
80%
I’ve
80%
seen
80%
mine
79%
say
79%
weapons
79%
Women’s
79%
doesn’t
78%
lamb
78%
on,
78%
understand
78%
hearts
77%
rewrite
77%
She
77%
sleeping
77%
tried
77%
with
77%
feel
76%
he’s
76%
lethal
76%
beg
75%
her
75%
knows
75%
obsession
75%
sands
75%
stay
75%
their
75%
up,
75%
yet
75%
everybody
74%
if
74%
Inside
74%
powers
74%
says
74%
your
74%
loves
73%
stays
73%
than
73%
threatened?
73%
walls
73%
begs
72%
down
72%
plans
72%
there
72%
could
71%
more
71%
anyone
70%
Easter
70%
I’m
70%
stand
70%
too
70%
Delilah
69%
didn’t
69%
Didn’t
69%
has
69%
heartbreak
69%
Island
69%
pleaded
69%
sacred,
69%
sacred
69%
save
69%
wasn’t
69%
heaven
68%
Jericho
68%
moment
68%
promised
68%
seat,
68%
stole
68%
youth
68%
chance
67%
even
67%
Samson
67%
blamed
66%
given
66%
just
66%
sure
66%
wanting
66%
couldn’t
65%
best
64%
How
64%
stop
64%
you’re
64%
half
63%
look
63%
lose
63%
once,
63%
back
62%
believe
62%
burnt
62%
don’t
62%
hand
62%
made
62%
would’ve
62%
Yeah,
62%
you’ll
62%
have
60%
weaker
60%
falter
54%
Sirens
54%
oh,
53%
out,
51%
without
50%
trumpets
49%
blaring
48%
sweating
48%
walked
48%
sounded,
38%
No matching quizzes found
Score Distribution
Percent of People with Each Score
Percentile by Number Answered
Your Score History
You have not taken this quiz